Feminisms: A global history.
Gardado en:
| Autor Principal: | |
|---|---|
| Formato: | Unknown |
| Publicado: |
Chicago, USA:
University of Chicago Press,
2020.
|
| Subjects: | |
| Tags: |
Engadir etiqueta
Sen Etiquetas, Sexa o primeiro en etiquetar este rexistro!
|
MARC
| LEADER | 00000 a2200000 4500 | ||
|---|---|---|---|
| 003 | CL-VaPUC | ||
| 005 | 20240327093455.0 | ||
| 008 | 240311t2020 ||||| |||| 00| 0 eng d | ||
| 999 | |c 443172 |d 443170 | ||
| 020 | |a 9780226754093 | ||
| 040 | |c Pontificia Universidad Católica de Valparaíso | ||
| 082 | 7 | |a 305.4209 DEL 2020 |2 23 | |
| 100 | |a Delap, Lucy |9 887606 |e author | ||
| 245 | |a Feminisms: |b A global history. | ||
| 260 | |a Chicago, USA: |b University of Chicago Press, |c 2020. | ||
| 300 | |a 393 páginas. | ||
| 583 | |k GC |c 20240311 | ||
| 650 | |a Feminismo |x Historia |9 887622 | ||
| 650 | |a Feministas |9 887623 | ||
| 942 | |2 ddc |c BK | ||
| 952 | |0 0 |1 0 |2 ddc |4 0 |6 305_420900000000000_DEL_2020 |7 0 |8 A |9 593613 |a BIBHIS |b BIBHIS |d 2024-03-11 |e 3 |g 24808.00 |i 5660313 |o 305.4209 DEL 2020 |p 5660313 |r 2024-03-11 |t 1 |v 24808.00 |w 2024-03-11 |y BK |k HIS | ||